| 000 | 00422nam a2200145Ia 4500 | ||
|---|---|---|---|
| 008 | 180815s9999 xx 000 0 und d | ||
| 020 | _a9780323187749 | ||
| 100 | _aWilliams,Patricia. | ||
| 245 |
_cPatricia Williams.-- _aBasic geriatic nursing / |
||
| 250 | _a6th ed | ||
| 260 |
_aSt. Louis, Missouri : _bElsevier _c2016 |
||
| 300 | _axvi, 382 pages. | ||
| 650 | _aGeriatic nursing -- methods. | ||
| 650 | _aNursing care. | ||
| 999 |
_c358339 _d358339 |
||